Küçük Çağatay grameri

Elmentve itt :
Bibliográfiai részletek
Szerző: Eckmann János
Dokumentumtípus: Cikk
Megjelent: Edebiyat Fakültesi Basımevi İstanbul 1960
Sorozat:İstanbul Üniversitesi Edebiyat Fakültesi Türk Dili ve Edebiyatı Dergisi
Kulcsszavak:Török nyelv - csagatáj - nyelvtan
Tárgyszavak:
Online Access:http://misc.bibl.u-szeged.hu/62284
LEADER 00848nab a2200229 i 4500
001 misc62284
005 20230111082150.0
008 220127s1960 hu o 0|| tur d
040 |a SZTE Miscellanea Repozitórium  |b hun 
041 |a tur 
100 1 |a Eckmann János 
245 1 0 |a Küçük Çağatay grameri  |h [elektronikus dokumentum] /  |c  Eckmann János 
260 |a Edebiyat Fakültesi Basımevi  |b İstanbul  |c 1960 
300 |a 41-64  |c 24 cm 
300 |a [24] p.  |c 24 cm 
490 0 |a İstanbul Üniversitesi Edebiyat Fakültesi Türk Dili ve Edebiyatı Dergisi 
561 |a Németh Gyula hagyaték 
591 |a LOA 906; XKEK 2785 
650 4 |a Bölcsészettudományok 
650 4 |a Nyelvek és irodalom 
695 |a Török nyelv - csagatáj - nyelvtan 
856 4 0 |u http://misc.bibl.u-szeged.hu/62284/1/1437_noa_e13.pdf  |z Dokumentum-elérés